000
00277nam a2200109Ia 4500
005
20251222144751.0
008
251222s9999||||xx |||||||||||||| ||spa||
082
_a
338.98/J89
245
0
_a
Para Nosotros la Patria es América
264
_b
Unidad de Comunicaciones
942
_c
LIB
999
_c
19361
_d
19361